000 00749nam a2200205 i 4500
001 185659
003 ES-MaACL
005 20250817125434.0
008 160801s1943 sp f |||| |dspa d
080 _a75 Velázquez(Las Meninas)
100 1 _aSánchez Cantón, Francisco Javier,
_d1891-1971
_9102521
245 1 0 _aVelázquez
_b: las Meninas y sus personajes /
_cpor Francisco Javier Sánchez Cantón.
260 _aBarcelona :
_bJuventud,
_c1943.
300 _a34 p., 12 lám. ;
_c26 cm.
490 1 _aObras maestras del arte español ;
_v2
600 1 4 _aVelázquez, Diego,
_d1599-1660.
_tLas Meninas
_9113800
830 0 _aObras maestras del arte español ;
_v2
_9192379
852 _aES-MaACL
_jB-13717
999 _c185659
_d185659